Production yearbook (Record no. 34714)
[ view plain ]
| 000 -LEADER | |
|---|---|
| fixed length control field | 00649nam a22001577a 4500 |
| 008 - FIXED-LENGTH DATA ELEMENTS--GENERAL INFORMATION | |
| fixed length control field | 230525b |||||||| |||| 00| 0 eng d |
| 040 ## - CATALOGING SOURCE | |
| Original cataloging agency | National Science Library |
| Transcribing agency | National Science Library |
| 080 ## - UNIVERSAL DECIMAL CLASSIFICATION NUMBER | |
| Universal Decimal Classification number | R 338(058) |
| Item number | K8 |
| 245 ## - TITLE STATEMENT | |
| Title | Production yearbook |
| Statement of responsibility, etc. | / Food and Agriculture Organization of the United Nation |
| 260 ## - PUBLICATION, DISTRIBUTION, ETC. | |
| Place of publication, distribution, etc. | Rome: |
| Name of publisher, distributor, etc. | Food and Agriculture Organization of the United Nation, |
| Date of publication, distribution, etc. | 1968 |
| 500 ## - GENERAL NOTE | |
| Field link and sequence number | Vol. 17; xiii, 503p.<br/>Vol. 18; xiv, 547p.<br/>Vol. 20 (Production yearbook) ; xvi, 763p.<br/>Vol 21; xv, 794p.<br/>Vol. 24 (Production yearbook) ; xvi, 822p. |
| 650 ## - SUBJECT ADDED ENTRY--TOPICAL TERM | |
| Topical term or geographic name entry element | Economic |
| 653 ## - INDEX TERM--UNCONTROLLED | |
| Uncontrolled term | Land |
| 653 ## - INDEX TERM--UNCONTROLLED | |
| Uncontrolled term | Crops |
| 942 ## - ADDED ENTRY ELEMENTS (KOHA) | |
| Source of classification or shelving scheme | Universal Decimal Classification |
| Koha item type | Yearbooks |
| Withdrawn status | Lost status | Source of classification or shelving scheme | Damaged status | Not for loan | Collection | Home library | Current library | Shelving location | Date acquired | Serial Enumeration / chronology | Total Checkouts | Full call number | Barcode | Date last seen | Price effective from | Koha item type |
|---|---|---|---|---|---|---|---|---|---|---|---|---|---|---|---|---|
| Universal Decimal Classification | Reference | National Science Library | National Science Library | GF/RK-25/C-6/R-2 | 25/08/1969 | Vol 21; xv, 794p. | R 338(058) K8 | 27303 | 25/05/2023 | 25/08/1969 | Yearbooks |